| 000 | 00653cam a22001812a 4500 | ||
|---|---|---|---|
| 001 | 002169 | ||
| 003 | AR-FADEU | ||
| 008 | 311216n1971####xxu####################dd | ||
| 092 |
_a361.1 _bB928 |
||
| 110 | _aBuenos Aires. Universidad nacional. Facultad de derecho y ciencias sociales | ||
| 245 | _aPlan de estudios de la escuela de asistentes sociales : Condiciones de ingreso, programas de asignaturas de primero, segundo, tercero y cuarto aƱos. : Ed. oficial | ||
| 260 | _aBuenos Aires | ||
| 260 | _bCooperadora de derecho y ciencias sociales | ||
| 260 | _c1971 | ||
| 300 | _a134 p | ||
| 650 | _aSERVICIO SOCIAL-PLAN DE ESTUDIOS | ||
| 942 | _cBDGR | ||
| 999 |
_c8003 _d8003 |
||